Doctor Who Episodes by Quote II Quiz Stats

 Plays Quiz not verified by Sporcle

Score 0/50 Timer 12:00
0 Plays Today
Quote Episode Title % Correct
I'm looking for a blonde in a Union Jack. A specific one, mind you, I didn't just wake up this morning with a craving. The Empty Child
84.4%
Beans are evil. Bad bad beans.The Eleventh Hour
83.9%
How is 'Harvey Wallbanger' one word?!The Unicorn and the Wasp
82.4%
With this ring, I thee bio-dampThe Runaway Bride
80%
My felicitations upon this historical happenstance. I bring you the gift of bodily salivas. The End of the World
77.7%
I look daft with one shoe.Smith and Jones
77.5%
Since when does an undertaker keep office hours? The dead don't die on schedule. The Unquiet Dead
76.2%
He has saved your lives so many times and you never even knew he was there. He never stops. He never stays. He never asks to be thanked.Last of the Time Lords
75.7%
Excuse me, do you mind not farting while I'm saving the world? Aliens of London
75%
Roast beef. Bananas. The Medusa CascadeMidnight
74.5%
The first question! The question that must never be answered, hidden in plain sight. The question you've been running from all your life. Doctor who? Doctor who?! DOCTOR WHO?!The Wedding of River Song
73.5%
Nothing wrong with a van. I once saved the universe with a big yellow truck. The Age of Steel
73.3%
You got the same suit! Don't you ever change?Partners in Crime
72.5%
The Doctor. Doctor. Fun.The Waters of Mars
72.3%
Do not be alarmed. This is a kindness.The Girl Who Waited
70.5%
We're the Thin Fat Gay Married Anglican Marines. Why would we need names as well? A Good Man Goes to War
67.3%
Welcome. You are unauthorized. Your death will now be implemented. Let's Kill Hitler
67.3%
That won't last. He's gay and she's an alien. Rose
67.1%
I'm a moron, me. My dad said I had the IQ of plankton, and I was pleased. Silence in the Library
65.8%
Come on, look at me! No plan, no backup, no weapons worth a damn, oh, and something else: I don't have anything to lose! The Pandorica Opens
65.6%
Now and then, every once in a very long while, every day in a million days, when the wind stands fair and the Doctor comes to call... everybody livesForest of the Dead
65.1%
I'll have to settle down. With a house or something--a proper house with... with doors and things--carpets! Me! Living in a house!... Now that--that is terrifying. The Impossible Planet
64.6%
The Cybermen - they blew up! I blew them up with love! Closing Time
63.9%
One may tolerate a world of demons for the sake of an angel.The Girl in the Fireplace
63.4%
He's a man in a suit, kind of tall, thin, great hair. Really great hair. Turn Left
63.1%
Quote Episode Title % Correct
If Hitler invaded Hell, I would give a favorable reference to the devil! Victory of the Daleks
62.6%
The eyes are not the windows of the soul, they are the doors. Beware what may enter them. The Time of Angels
61.1%
Got married! That was a mistake. Good Queen Bess. And let me tell you, her nickname is no longer... mmm.The End of Time: Part One
60.6%
Correctamundo...a word I have never used before and hopefully never will again.School Reunion
60.4%
Wish I'd never met you, Doctor. I was much better off as a coward. The Parting of the Ways
59.9%
Just my luck! I crawl through two miles of ventilation shafts, following life signs on this thing, and who do I find? Mickey Mouse!Journey's End
59.7%
Time to run again? Love the running!The Doctor's Daughter
58.9%
Nobody else in this entire galaxy's ever even bothered to make edible ball bearings. Genius.Fear Her
56.7%
Blimey, a real proper rocket. Now that's what I call a spaceship. You've got a box, he's got a Ferrari. Planet of the Ood
54%
1979--Hell of a year! China invades Vietnam. 'The Muppet Movie'--love that film. Skylab falls to Earth, with a little help from me. Nearly took off my thumb. Tooth and Claw
52.5%
Your voice is different, and yet its arrogance is unchanged. Stolen Earth
48.8%
Is this really important, flirting? Because I think I should be higher on the list right now! Day of the Moon
48.3%
I dated a Nestene duplicate once. Swappable heads. Do keep things fresh. The Big Bang
48%
Gravity schmavity, my people practically invented the black hole. Well, in fact, they did. The Satan Pit
47.3%
Do fish have fingers?The Doctor's Wife
44.8%
I don't know how to tell you this, oh great genius, but... your breath doesn't half stink. The Shakespeare Code
44.6%
You got yourself a forward-thinking guy, with that hot potato in the sharp suit. Daleks in Manhattan
38.9%
Sorry, I have this effect. People just get obsessed. Is it the smile? Is it the aftershave? Is it the capacity to laugh at myself? I don't know. It's crazy! The Sound of Drums
37.4%
The bravery of idiots is bravery nonetheless. Poison Sky
37.4%
Talk about dumbing down. Don't they teach recreational mathematics anymore? 42
37.1%
They can shoot me dead, but the moral high ground is mine.Army of Ghosts
35.6%
A fairy land? Oh, grow up. A fairy land looks completely different. The Doctor, the Widow and the Wardrobe
33.4%
Look, no stars in the sky. And it smells. It STINKS! This is amazing!Voyage of the Damned
29.5%
Less of a young professional--more of an ancient amateur. But frankly, I'm an absolute dream. The Lodger
27.2%
I believe, if you look hard, there are more wonders in this universe than you could ever have dreamt of.Vincent and the Doctor
23%

You're not logged in!

Compare scores with friends on all Sporcle quizzes.
OR
Log In

Show Comments

Extras

Top Quizzes Today


Score Distribution

Your Account Isn't Verified!

In order to create a playlist on Sporcle, you need to verify the email address you used during registration. Go to your Sporcle Settings to finish the process.

Report this User

Report this user for behavior that violates our Community Guidelines.

Details: